02010nam a2200253uu 4500001000800000005001700008007001000025008004100035035001200076040001300088041000800101080000800109100005100117245013300168260004300301300001700344520101400361650003001375650003301405650005801438650004701496700004801543500016501591117693620260507135027.0cr|||||||091103e20091103 spa  a1176936 ccomduadb aspa aPSA10aGonzález Aguirre, Ernesto Andrés4auteaut10aProyecto producción más limpia en el sector transporte del Valle de Aburrá Transmeba S.A. Transportes Medellín - Barbosa aMedellín :b[sin publicador],c2009. a35 páginas3 aTransportes Medellín Barbosa (TRANSMEBA S.A.) es una empresa dedicada a la prestación del servicio de transporte terrestre de pasajeros desde hace más de 30 años, tanto público como privado. El servicio público o de línea se presta exclusivamente desde Medellín hacia el Municipio de Barbosa (Antioquia), el servicio especial se realiza a cualquier destino del país con previa contratación y se transportan empresas como Fabricato, Postobón, Coltabaco y Kimberly, entre otras. Entre los proyectos a realizar se encuentra el de "producción más limpia en el sector transporte del Área Metropolitana del Valle de Aburrá", el cual se realizará solo en la sede principal al igual que todas las actividades por ser esta sede el parque automotriz, entre los subproyectos contenidos en este se encuentra la hoja de vida con la información técnico ambiental de cada vehículo, la cual se desarrollará como un base de datos que podrá ser utilizada constantemente por la empresa. aProducción más limpia 7aEmpresas de transporte2lemb aPlan de Manejo Integral de Residuos Sólidos (PMIRS) aValle de Aburrá (Antioquia) - Transporte10aRodríguez Arboleda, Juan Carlos4thseths aTesis (Ingeniero Sanitario y Ambiental) Universidad de Antioquia. Facultad de Ingeniería. Departamento de Ingeniería Sanitaria - Título del grado otorgado